000 03051nam1a22004331 4500
001 v19\rc\1325518
005 20251115134832.3
035 _a(NLR Aleph) 004478450
090 _a4594266
_c4594266
100 _a20260118 rusy50
101 0 _arus
102 _aRU
105 _a z |||||
200 1 _aГодичный отчет о состоянии Имп. Казанского университета...
210 _aКазань
_d1840-1916
215 _d24-28
300 _aОтчеты за 1840/41-1843/44, 1846/47-1848/49 гг. напеч. в изд.: Обозрение преподавания в Имп. Казанск. ун-те за соответствующие годы
300 _aИзвлечения из отчетов за: 1864/1865-1865/1866, 1868/1869, 1871/1872-1874/1875, 1877/1878-1880/1881 гражданский год и отчеты за 1882/1883-1905, 1908-1909 гг. напеч. в изд.: Годичный акт в Имп. Казанск. ун-те, за соответствующие годы
300 _aВ изд. помещены также речи, произнесенные в торжественных собраниях Имп. Казанск. ун-та и обозрение преподавания
300 _aЗагл. отчетов: за 1849/50-1852/53, 1854/55, 1857/58-1859/60, 1903 гг.: Отчет о состоянии Императорского Казанского университета; за 1853/54 г.: Отчет Императорского Казанского университета; за 1866/67 г.: Извлечение из отчета по Императорскому Казанскому университету; за 1873, 1876-1878 гг.: Извлечение из отчета Императорского Казанского университета
517 0 _aОтчет о состоянии Императорского Казанского университета
517 0 _aОтчет Императорского Казанского университета
517 0 _aИзвлечение из отчета по Императорскому Казанскому университету
517 0 _aИзвлечение из отчета Императорского Казанского университета
532 1 2 _aГодичный отчет о состоянии Императорского Казанского университета...
710 0 2 _aКазанский университет
801 0 _aRU
_bNLR
_gpsbo
801 0 _aRU
_bRuMoRGB
_2psbo
801 1 _aRU
_bProSoft-M
_2rusmarc
852 _aNLR
_jШифры разные
_y(1839-1915*)
899 _aRuMoRGB
_jF 24/78
_z(1841-1915*)
899 _aRuMoRGB
_jF 24/18
_z(1841-1915*)
899 _aRuMoRGB
_jМК
_z(1841-1915*)
899 _aRuMoRGB
_jN 26/41
_z(1841-1915*)
899 _aБАН
_z(1839-1915*)
899 _aГПИБ
_z(1839-1915*)
899 _aНБ МГУ
_z(1849-1850)
942 _cBOOK
980 _aNB